000 00541nmm a2200157Ia 4500
008 251105s9999||||xx |||||||||||||||||und||
020 _a9789587168464
041 _aspa
100 _aRincón, Carlos
245 0 _aAvatares de la memoria cultural en Colombia: formas simbólicas del Estado, museos y canon literario
264 _a[Bogotá, Colombia] :
_bEditorial Pontificia Universidad Javeriana,
_c2015
300 _a494 páginas
650 _aCultural Studies
856 _uhttps://public.digitaliapublishing.com/a/46979
942 _cCF
999 _c95581
_d95581